000 00974nam a22002177a 4500
005 20171129105124.0
010 _aUR-9856
020 6 _c45.00
035 _aU-8411
037 _bDBAD/PUB
082 _a270
100 _aڈ کٹر محمد ر ضی ا لا سلا م ند و ی ا
245 _aا ہل مذ ا ہب کو قر آ ن کی د عو ت
_cڈ کٹر محمد ر ضی ا لا سلا م ند و ی ا
246 _b
_aAhle Mazahib Ko Quran ki Dawat
250 _aby Dr.Mohd. Raziul Islam Nadvi
260 _a نئی د لی
_bMerkazi Maktaba Islami Publishers
_c2011
270 _aD307,Dawat Nagar,Abul Fazal Enclave,Jamia Nagar ,
_b New Delhi
_e110025
_k01126971652
_l-
300 _a84ص
_c22 Cm.(B.b)
500 _aدو حصہ
942 _2ddc
_cUR
_h270
_mم ح م
_e
999 _c146979
_d146979